000 00351nam a2200133Ia 4500
008 220204s9999 xx 000 0 und d
082 _a582.394(035)
_bNAY
100 _aKavr, S
245 0 _aCompanion to beddome's handbook to the ferns of British India
260 _aNew Delhi
_bPama
_c1974
650 _aFerns
700 _aNayar, B K
942 _cBK
999 _c22671
_d22671